000
00314nam a22001337a 4500
008
170622b xxu||||| |||| 00| 0 eng d
020
_a
9780130260093
041
_a
eng
080
_2
6TH
_a
32
100
_a
21
101
_a
SHP
245
_a
POLITICS AND CHANGE IN THE MIDDLE EAST
_c
ANDERSEN,R,R
942
_2
udc
_c
BK
999
_c
18724
_d
18724